000 01292cam a2200397 i 4500
001 10628950
003 ARRUPE
005 20150302140003.0
006 m d
007 cr n
008 130126t20132013enkb sb 001 0 eng d
015 _aGBB328740
_2bnb
016 7 _a016307517
_2Uk
020 _a9780199679966 (pbk.)
020 _a0199679967 (pbk.)
035 _a(WaSeSS)ssj0001073460
040 _aUKMGB
_beng
_cUKMGB
_dOCLCO
_dYDXCP
_dCDX
_erda
_dJHE
_dBDX
_dNYP
_dDLC
_dWaSeSS
042 _alccopycat
043 _af-tz---
050 4 _aHC885
_b.C68 2013
082 0 4 _a330.9678
_223
100 1 _aCoulson, Andrew,
_eauthor.
_915280
210 1 0 _aTanzania :
245 1 0 _aTanzania :
_ba political economy /
_cAndrew Coulson.
250 _aSecond edition.
260 _aOxford
_bOxford University Press
_c2013
300 _axvi, 422p.;
_c22cm.
500 _aPrevious edition: 1982.
504 _aIncludes bibliographical references (pages 382-408) and index.
506 _aLicense restrictions may limit access.
600 1 0 _aNyerere, Julius K.,
_d1922-1999.
_913382
651 0 _aTanzania
_xEconomic conditions.
_915281
773 0 _tOxford Scholarship Online Economics and Finance
910 _aLibrary of Congress record
942 _2lcc
_cMONOGRAPH
999 _c122095
_d122095